Študijný program Fakulty ekonomiky služieb a cestovného ruchu VŠE v Banskej Bystrici školský rok 1977-78
Na minha lista:
| Formato: | Livro |
|---|---|
| Idioma: | eslovaco |
| Publicado em: |
Bratislava
Rektorát VŠE
1977
|
| Assuntos: | |
| Tags: |
Sem tags, seja o primeiro a adicionar uma tag!
|
MARC
| LEADER | 00000nam a2200000 4500 | ||
|---|---|---|---|
| 001 | c121513 | ||
| 005 | 20250520121515.7 | ||
| 041 | 0 | |a slo | |
| 044 | |a SK | ||
| 245 | 1 | 0 | |a Študijný program Fakulty ekonomiky služieb a cestovného ruchu VŠE v Banskej Bystrici |b školský rok 1977-78 |
| 264 | 1 | |a Bratislava |b Rektorát VŠE |c 1977 | |
| 300 | |a 78 s. | ||
| 610 | 2 | 0 | |a školy vysoké |
| 610 | 2 | 0 | |a univerzity |
| 610 | 2 | 0 | |a vzdelanie vysokoškolské |
| 610 | 2 | 0 | |a plán učebný |
| 610 | 2 | 0 | |a programy študijné |
| 610 | 2 | 0 | |a Vysoká škola ekonomická v Bratislave |